000 00187nam a2200085Ia 4500
008 120527s9999 xx 000 0 und d
100 _aPEARCE, Andrew
245 _aFarm Welding
942 _cBK
999 _c25156
_d25156